000 00711cam a2200217 4500
001 WB3609-08
008 000000n2000 000 0 eng u
035 _a(Sirsi) u104528
245 _aBuilding maintenance
260 _c2000
490 _aBMI News Release
_v1 March 2000 (2)
520 _aBMI estimates that total expenditure on maintenance in the UK was £4.2bn in 1998. Maintenance expenditure now represents over 5% of GDP.
590 _aWB
650 _aBUILT ENVIRONMENT-BUILDING MAINTENANCE AND REFURBISHMENT
650 _aBMI
650 _aMAINTENANCE MARKET
650 _aEXPENDITURE
650 _aSTATISTICS
690 _aBUILDING AND CONSTRUCTION-REPAIRS AND MAINTENANCE
942 _n0
999 _c62716
_d62716